000 00708nam a2200229 i 4500
001 183022
003 ES-MaACL
005 20251004063224.0
008 140113s2013 sp | |||||||| | spa d
020 _a978-84-15826-15-6
080 _a821.134.2-31"19"
100 1 _aHernández Conesa, Juana,
_d1956-
_9154138
245 1 0 _aAjusticiados /
_cJuana Hernández Conesa.
250 _a1ª ed.
260 _aMadrid :
_bCultiva,
_c2013.
300 _a161 p. ;
_c21 cm.
490 1 _aColección Cultiva ;
_vn. 417
830 0 _aColección Cultiva ;
_vn. 417
_9191698
852 _aES-MaACL
_jA-12975
_9189955
_bR.149721
_cDEPO1
_dOlim: N-5975
942 _2udc
_cMONOGRAFIA
999 _c183022
_d183022